| 000 | 00000nam##2200000za#4500 |
| 001 | 9.640485 |
| 003 | CaOODSP |
| 005 | 20210624222707 |
| 007 | cr ||||||||||| |
| 008 | 150407|1999||||xxc|||||o f|0| 0 fre|d |
| 040 | |aCaOODSP|bfre |
| 043 | |an-cn--- |
| 086 | 1 |aH39-501/1999F-PDF |
| 110 | 1 |aCanada. |bSanté Canada. |
| 245 | 13|aLe développement sain des enfants et des jeunes : |h[ressource électronique]|ble rôle des déterminants de la santé |
| 260 | |aOttawa - Ontario : |bSanté Canada |cDécembre 1999. |
| 300 | |a236p.|bgraphiques, références, tableaux, photographies |
| 500 | |aLe n° de catalogue (H39-501/1999F) et l'ISBN (0-662-83911-0) de l'édition imprimée ont été incorrectement copiés dans l'édition électronique. |
| 520 | 3 |a« Visant la santé de la population, le présent rapport compile les résultats des recherches actuelles afin d’expliquer l’incidence des déterminants de la santé sur le développement normal des enfants et d’illustrer les conditions et les tendances qui déterminent la santé et le bien-être des enfants et des jeunes au Canada. Ce document s’adresse à tous ceux — concepteurs de politiques et de programmes, chercheurs oeuvrant à tous les paliers de gouvernement, organismes de services sociaux et de santé, organisations spécialisées dans la recherche — qui se préoccupent de la santé actuelle et future des enfants et des jeunes au Canada. »--But, portée et structure du rapport, p.19 de 236. |
| 590 | |a12-30-Supp|b2012-06-28 |
| 691 | 07|aDéveloppement de l'enfant|2gcpds |
| 691 | 07|aIndicateurs de l'état de santé|2gcpds |
| 691 | 07|aSanté de l'enfant|2gcpds |
| 775 | 08|tHealthy development of children and youth : |w(CaOODSP)9.696369 |
| 776 | 0#|tLe développement sain des enfants et des jeunes : |w(CaOODSP)9.680850 |
| 856 | 40|ahttp://publications.gc.ca|qPDF|s3.22 Mo|uhttps://publications.gc.ca/collections/Collection/H39-501-1999F.pdf |